[Event "FSIMA August"]
[Site "Budapest HUN"]
[Date "2006.08.05"]
[Round "1"]
[White "Petran,Pa"]
[Black "Werner,Di"]
[Result "1/2-1/2"]
[WhiteElo "2383"]
[BlackElo "2315"]

1.d4 d5 2.c4 c6 3.Nc3 Nf6 4.e3 e6 5.Nf3 Nbd7 6.Bd3 dxc4 7.Bxc4 b5 8.Bd3 Bb7
9.O-O Bd6 10.a4 b4 11.Ne4 Nxe4 12.Bxe4 O-O 13.b3 Nf6 14.Bd3 c5 15.Bb2 Rc8  1/2-1/2

[Event "HZ Open"]
[Site "Vlissingen NED"]
[Date "2006.08.05"]
[Round "1"]
[White "Gurevich,M"]
[Black "Van Renswoude,J"]
[Result "1-0"]
[WhiteElo "2643"]
[BlackElo "1954"]

1.c4 Nf6 2.Nc3 c6 3.Nf3 d5 4.e3 e6 5.d4 Bd6 6.Bd3 Nbd7 7.e4 dxc4 8.Bxc4 e5
9.dxe5 Nxe5 10.Nxe5 Bxe5 11.Qxd8+ Kxd8 12.Bxf7 Rf8 13.Bb3 Bxc3+ 14.bxc3 Nxe4
15.O-O Nc5 16.Be3 Nxb3 17.axb3 Kc7 18.Bxa7 Be6 19.Bc5 Rxa1 20.Rxa1 Rd8 21.b4 g6
22.Bd4 Rd5 23.h3 h5 24.f3 Kd8 25.Kf2 Ke7 26.Ra8 Bf7 27.Rb8 Rd7 28.Ke3 g5
29.Rh8 Rd5 30.Rh6 Rf5 31.Ke4 Rf4+ 32.Ke5 Kd7 33.Be3 Rc4 34.Bd4 b6 35.Rh7 Ke7
36.Bxb6 Rxc3 37.Bc5+ Ke8 38.Kf6 Bd5 39.Rxh5  1-0

[Event "HZ Open"]
[Site "Vlissingen NED"]
[Date "2006.08.06"]
[Round "2"]
[White "Krasenkow,M"]
[Black "Beeke,B"]
[Result "1-0"]
[WhiteElo "2635"]
[BlackElo "2166"]

1.Nf3 Nf6 2.c4 c6 3.Nc3 d5 4.e3 e6 5.d4 Nbd7 6.Qc2 Bd6 7.g4 h6 8.Bd2 b6 9.cxd5 exd5
10.Rg1 Bb7 11.g5 hxg5 12.Rxg5 g6 13.h4 Qe7 14.Bh3 Ne4 15.Rg1 Ndf6 16.Nxe4 Qxe4
17.Qd1 a5 18.Ng5 Qe7 19.Qb3 a4 20.Qc2 Rxh4 21.Rh1 Ne4 22.Nxe4 Qxe4 23.Qxe4+ Rxe4
24.O-O-O Kf8 25.Bg2 Ree8 26.Rh7 Be7 27.e4 dxe4 28.Bh6+ Kg8 29.Rg7+ Kh8 30.Rxf7 Ba6
31.Rh1 Ra7 32.Bxe4 Bc4 33.Bxg6  1-0

[Event "HZ Open"]
[Site "Vlissingen NED"]
[Date "2006.08.07"]
[Round "4"]
[White "Krasenkow,M"]
[Black "Henrichs,T"]
[Result "1/2-1/2"]
[WhiteElo "2635"]
[BlackElo "2491"]

1.d4 d5 2.c4 c6 3.Nf3 Nf6 4.Nc3 e6 5.e3 Nbd7 6.Qc2 Bd6 7.g4 Bb4 8.Bd2 Qe7
9.g5 Bxc3 10.Bxc3 Ne4 11.Bd3 Nxc3 12.Qxc3 dxc4 13.Bxc4 b6 14.O-O-O Bb7 15.e4 O-O
16.Rhe1 Rfd8 17.Qe3 Rac8 18.Kb1 b5 19.Bf1 a6 20.h4 c5 21.h5 cxd4 22.Nxd4 Nc5
23.f3 g6 24.h6 e5 25.Nb3 Na4 26.Bh3 Rc4 27.Rxd8+ Qxd8 28.Qd2 Qxd2 29.Nxd2 Rc7
30.Nf1 Kf8 31.Ne3 Nb6 32.Rd1 Ke7 33.Rd3 Rc5 34.b3 a5 35.Kb2 b4 36.Ng4 Bc8
37.a3 bxa3+ 38.Kxa3 Be6 39.Nf2 Bxh3 40.Nxh3 Nd7 41.Nf2 Nf8 42.Rd5 Rxd5 43.exd5 Kd6
44.Ka4 Kxd5 45.Kxa5 Ne6 46.Ne4 Kd4 47.b4 Ke3 48.Nf6 Kxf3 49.Nxh7 e4 50.Nf6 e3
51.h7 e2 52.h8=Q e1=Q 53.Nd5 Kg4 54.Kb6 Qf2+ 55.Kc6 Kxg5 56.Qe5+ Kg4 57.Qe4+ Kh3
58.b5 Qc5+ 59.Kd7 Nf8+ 60.Ke8 Ne6 61.Nf4+ Nxf4 62.Qf3+ Kh4 63.Qxf4+ Kh5 64.Qf3+ Kg5
65.Qc6 Qe5+ 66.Kxf7 Qf5+ 67.Kg8 Qd3 68.b6 Qb3+ 69.Kg7 Qb2+ 70.Kf7 Qb3+ 71.Ke7 Qb4+
72.Qd6 Qe4+ 73.Kd7 Qb7+ 74.Ke6 Qc8+ 75.Qd7 Qg8+ 76.Kd6 Qc4 77.b7 Kh6 78.Qh3+ Kg7
79.Qd7+ Kh6 80.Qh3+ Kg7 81.Qd7+  1/2-1/2

[Event "San Agustin Open"]
[Site "Aviles ESP"]
[Date "2006.08.08"]
[Round "4"]
[White "Alonso Fernandez,M"]
[Black "Barrientos,S"]
[Result "0-1"]
[WhiteElo "2296"]
[BlackElo "2435"]

1.d4 d5 2.c4 c6 3.Nc3 Nf6 4.e3 e6 5.Nf3 Nbd7 6.Qc2 Bd6 7.b3 O-O 8.Be2 Qe7
9.O-O dxc4 10.bxc4 e5 11.Rd1 Re8 12.a4 e4 13.Nd2 Nf8 14.Qa2 Qc7 15.g3 Bb4
16.Bb2 Ng6 17.d5 Bg4 18.Bxg4 Bxc3 19.d6 Qa5 20.Be2 Bxb2 21.Qxb2 Rab8 22.Nb3 Qf5
23.Nd4 Qe5 24.Qa3 c5 25.Nb5 a6 26.Nc7 Red8 27.Nd5 Qxd6 28.Nxf6+ Qxf6 29.Qxc5 Ne5
30.Qc7 g6 31.Rab1 Rdc8 32.Qd6 Qxd6 33.Rxd6 f5 34.c5 Nc6 35.Bc4+ Kh8 36.Be6 Rc7
37.g4 fxg4 38.Bd5 Ne7 39.Bxe4 Rxc5 40.Rd7 Nf5 41.Rdxb7 Rxb7 42.Bxb7 a5 43.Rb5 Rxb5
44.axb5 Nd6 45.Bc6 a4 46.b6 a3 47.Bd5 Kg7 48.Kf1 Kf6 49.Ba2 Ke5 50.Bg8 h5
51.Ke2 h4 52.Kd3 Ne4 53.Kc4 Kd6 54.Kb5 Nxf2 55.e4 Nxe4 56.Bd5 Kxd5  0-1

[Event "17th Jozef Kochan Mem"]
[Site "Koszalin POL"]
[Date "2006.08.08"]
[Round "5"]
[White "Szymanska,M"]
[Black "Rzoska,K"]
[Result "1-0"]
[WhiteElo "2186"]
[BlackElo "2161"]

1.d4 Nf6 2.c4 e6 3.Nf3 d5 4.Nc3 c6 5.e3 Nbd7 6.Bd3 Be7 7.O-O b6 8.Ne5 Bb7
9.f4 Rc8 10.b3 a6 11.Bb2 c5 12.cxd5 exd5 13.Bf5 cxd4 14.Qxd4 Bc5 15.Qd3 Rc7
16.Nxd7 Rxd7 17.Bxd7+ Qxd7 18.Na4 d4 19.Nxc5 bxc5 20.exd4 O-O 21.Rad1 Rd8
22.Qc2 Be4 23.Qe2 Qf5 24.dxc5 Re8 25.Bxf6 gxf6 26.Qf2 Kh8 27.Rd2 Rg8 28.Qd4 h5
29.Re1 Ba8 30.Qd6 h4 31.c6 h3 32.g3 Rc8 33.Rd5 Qg6 34.Rc5 Kg7 35.Qd7 Rh8
36.c7  1-0

[Event "93rd ch-GBR"]
[Site "Swansea WLS"]
[Date "2006.08.08"]
[Round "2"]
[White "Lalic,B"]
[Black "Houska,Jo"]
[Result "1/2-1/2"]
[WhiteElo "2488"]
[BlackElo "2364"]

1.d4 d5 2.c4 c6 3.Nf3 Nf6 4.Nc3 e6 5.e3 Nbd7 6.Bd3 dxc4 7.Bxc4 b5 8.Bd3 b4
9.Ne4 Nxe4 10.Bxe4 Bb7 11.Qa4 Qb6 12.Nd2 a5 13.O-O Be7 14.a3 O-O 15.Nc4 Qc7
16.Bd2 Nb6 17.Nxb6 Qxb6 18.Rfc1 Rfc8 19.h3 c5 20.dxc5 Bxc5 21.Bxb7  1/2-1/2

[Event "93rd ch-GBR"]
[Site "Swansea WLS"]
[Date "2006.08.10"]
[Round "4"]
[White "Varley,P"]
[Black "Houska,Jo"]
[Result "1-0"]
[WhiteElo "2228"]
[BlackElo "2364"]

1.d4 d5 2.c4 c6 3.e3 Nf6 4.Nc3 e6 5.Nf3 Nbd7 6.Bd3 dxc4 7.Bxc4 b5 8.Bd3 Bb7
9.O-O a6 10.e4 c5 11.d5 Qc7 12.dxe6 fxe6 13.Qe2 c4 14.Bc2 Bd6 15.Ng5 Nf8
16.f4 h6 17.Nh3 e5 18.fxe5 Bxe5 19.Nf4 O-O-O 20.Kh1 g5 21.Nfd5 Nxd5 22.Nxd5 Qd6
23.Be3 Ne6 24.Rad1 Kb8 25.Bg1 a5 26.b3 Rhf8 27.bxc4 Rxf1 28.Qxf1 b4 29.Qf2 Qa6
30.Ba4 Rf8 31.Qe3 Bf4 32.Qd3 Qd6 33.Qe2 Rf7 34.c5 Qe5 35.c6 Nc7 36.cxb7 Nxd5
37.Rxd5 Qa1 38.Rd8+ Kxb7 39.Qb5+ Kc7 40.Qb8+  1-0

[Event "FSGM August"]
[Site "Budapest HUN"]
[Date "2006.08.11"]
[Round "7"]
[White "Lorscheid,G"]
[Black "Martinovic,Sa"]
[Result "0-1"]
[WhiteElo "2294"]
[BlackElo "2367"]

1.d4 Nf6 2.c4 c6 3.Nc3 d5 4.e3 e6 5.Nf3 a6 6.Ne5 c5 7.cxd5 exd5 8.Be2 Nc6
9.O-O Bd6 10.Nxc6 bxc6 11.dxc5 Bxc5 12.e4 O-O 13.exd5 Nxd5 14.Bf3 Be6 15.Ne4 Be7
16.Qe2 Re8 17.Rd1 Qb6 18.a3 a5 19.Nc3 Nxc3 20.bxc3 Bc5 21.Be3 Bb3 22.Rd7 Bxe3
23.fxe3 Rad8 24.Rxd8 Rxd8 25.Rb1 a4 26.Rb2 g6 27.Rd2 Re8 28.Rd4 c5 29.Rd2 Qe6
30.e4 Bc4 31.Qd1 Bb3 32.Qe2 Rb8 33.h3 Kg7 34.Qe3 Qe5 35.Rb2 Re8 36.Rd2 Bc4
37.Rb2 Rd8 38.Rd2 Rb8 39.Bd1 Rb1 40.Kf2 Rc1 41.Rd5 Qf6+ 42.Kg1 Qf1+  0-1

[Event "HZ Open"]
[Site "Vlissingen NED"]
[Date "2006.08.11"]
[Round "8"]
[White "Pedersen,Stef"]
[Black "Smeets,J"]
[Result "1-0"]
[WhiteElo "2436"]
[BlackElo "2532"]

1.d4 d5 2.c4 c6 3.Nc3 e6 4.e3 Nf6 5.Nf3 Nbd7 6.Qc2 Bd6 7.g4 h6 8.Bd2 dxc4
9.Bxc4 b5 10.Be2 Bb7 11.g5 hxg5 12.Nxg5 Bf8 13.e4 c5 14.d5 exd5 15.e5 Nxe5
16.Bxb5+ Nc6 17.O-O-O Be7 18.Rhg1 Rg8 19.Bf4 Qd7 20.Rge1 a6 21.Ba4 Rd8 22.f3 Rh8
23.Rg1 Rg8 24.Rge1 Rh8 25.Nge4 Nxe4 26.Rxd5 Nxc3 27.Rxd7 Nxa2+ 28.Kb1 Rxd7
29.Qxc5 Nab4 30.Rxe7+ Rxe7 31.Qxb4 Rd7 32.Qe4+  1-0

[Event "Open"]
[Site "Genova ITA"]
[Date "2006.08.12"]
[Round "7"]
[White "De Santis,A"]
[Black "Velikov,P"]
[Result "0-1"]
[WhiteElo "2337"]
[BlackElo "2465"]

1.d4 d5 2.c4 c6 3.Nc3 Nf6 4.e3 e6 5.Nf3 a6 6.b3 Bb4 7.Bd2 Nbd7 8.Be2 O-O
9.O-O Qe7 10.Qc2 Re8 11.a4 e5 12.cxd5 cxd5 13.dxe5 Nxe5 14.Nb1 Nc6 15.Bc3 Ne4
16.Bb2 Bf5 17.Qd1 Red8 18.Nd4 Bg6 19.Bh5 Rac8 20.Bxg6 hxg6 21.Ra2 Bc5 22.Ba1 Ba7
23.Re2 Qb4 24.f3 Nf6 25.Bc3 Qd6 26.Qd2 Re8 27.Kh1 Bc5 28.Nxc6 Qxc6 29.Rfe1 Re6
30.Qd3 g5 31.Bd4 Bxd4 32.Qxd4 g4 33.Nd2 Qc3 34.Kg1 gxf3 35.gxf3 Qxd4 36.exd4 Rc2
37.Kf2 Nh5 38.Nf1 Rcxe2+ 39.Rxe2 Rb6 40.Re5 Nf4 41.Ke3 f6 42.Re8+ Kf7 43.Rc8 g5
44.Rc3 Re6+ 45.Kd2 Re2+ 46.Kd1 Kg6 47.Rc7 b5 48.axb5 axb5 49.Rb7 Rf2 50.Nd2 Ne2
51.Ke1 Rxh2 52.Rxb5 Nc3 53.Rc5 Re2+ 54.Kf1 Rxd2 55.Rxc3 Rxd4 56.Rc5 Kf5 57.Ke2 Ke5
58.Rb5 Rh4 59.Ke3 f5 60.Rb8 d4+ 61.Kd3 Rh3 62.Re8+ Kf4 63.Kxd4 Rxf3 64.b4 Rb3
65.Kc5 g4 66.b5 g3 67.Rg8 Kf3 68.b6 f4 69.Kc6 Kg2 70.b7 Rxb7 71.Kxb7 f3  0-1

[Event "Empresa B"]
[Site "Montreal CAN"]
[Date "2006.08.12"]
[Round "5"]
[White "Roussel Roozmon,T"]
[Black "Krush,I"]
[Result "1/2-1/2"]
[WhiteElo "2430"]
[BlackElo "2436"]

1.Nf3 d5 2.d4 Nf6 3.c4 c6 4.e3 e6 5.Nc3 a6 6.c5 b6 7.cxb6 Nbd7 8.Bd2 Nxb6
9.Rc1 c5 10.Bd3 c4 11.Bb1 Bb7 12.O-O Be7 13.Ne5 O-O 14.f4 Nfd7 15.Be1 f5
16.g4 Nxe5 17.fxe5 Bg5 18.Bd2 g6 19.gxf5 gxf5 20.Ne2 Kh8 21.h3 Rg8 22.Kh2 Qe7
23.Nf4 Rg7 24.Rg1 Rag8 25.Qe2 Nd7 26.Nh5 Rg6 27.Nf4 R6g7 28.Nh5 Rg6 29.Nf4 R6g7  1/2-1/2

[Event "93rd ch-GBR"]
[Site "Swansea WLS"]
[Date "2006.08.12"]
[Round "6"]
[White "Ward,C"]
[Black "Devereaux,M"]
[Result "1/2-1/2"]
[WhiteElo "2461"]
[BlackElo "2377"]

1.d4 d5 2.c4 c6 3.Nc3 Nf6 4.e3 e6 5.Nf3 Nbd7 6.Qc2 Bd6 7.Bd2 O-O 8.O-O-O Qe7
9.Kb1 Re8 10.h3 dxc4 11.Bxc4 b5 12.Bd3 Bb7 13.Ng5 h6 14.Nge4 e5 15.Nxd6 Qxd6
16.Ne4 Nxe4 17.Bxe4 Nf6 18.dxe5 Qxe5 19.Bf3 Ne4 20.Bc3 Nxc3+ 21.Qxc3 Qxc3
22.bxc3 Red8 23.Kb2 Kf8 24.Kb3 a5 25.a4 Rxd1 26.Rxd1 Rb8 27.axb5 cxb5 28.Bxb7 Rxb7
29.Rd8+ Ke7 30.Ra8 a4+ 31.Kb4 Rc7 32.Kxb5 Rxc3 33.Rxa4 Rc2 34.Re4+ Kf8 35.Rf4 h5
36.Kb4 g6 37.Kb3 Rc1 38.Kb2 Rg1 39.g3 Rh1 40.h4 Rf1 41.Kc2 Ra1 42.Kd3 Ra3+
43.Ke4 Kg7 44.Kf3 Ra1 45.Rb4 Ra5 46.Ke4 Ra2 47.f3 Rg2 48.Kf4 Ra2 49.e4 Ra3
50.Rb5 Rc3 51.g4 hxg4 52.Kxg4 Rc1 53.h5 Rg1+ 54.Kf4 Rh1 55.hxg6 Kxg6 56.Rb6+ Kg7
57.e5 Re1 58.Kf5 Re3 59.f4 Re1 60.Rb3 Rg1 61.Rf3 Ra1 62.Rg3+ Kf8 63.Rd3 Ra4
64.Rd8+ Kg7 65.Rd7 Ra6 66.Ke4 Ra4+ 67.Rd4 Ra1 68.f5 Ra5 69.Rc4 Ra7 70.Rc8 Ra4+
71.Kd5 Rf4 72.f6+ Kg6 73.Rc4 Rf1 74.Kd6 Ra1 75.Rg4+ Kf5 76.Rg2 Ra6+ 77.Ke7 Ra7+
78.Kf8 Kxe5 79.Kg7 Kf5 80.Rf2+ Kg5 81.Re2 Ra6 82.Re5+ Kf4 83.Re7 Kg5 84.Re5+ Kf4
85.Re7 Kg5 86.Rxf7 Rb6 87.Rf8 Ra6 88.Rb8 Rxf6 89.Rb5+ Rf5 90.Rxf5+ Kxf5  1/2-1/2

[Event "HZ Open"]
[Site "Vlissingen NED"]
[Date "2006.08.12"]
[Round "9"]
[White "Henrichs,T"]
[Black "Tiggelman,R"]
[Result "1-0"]
[WhiteElo "2491"]
[BlackElo "2211"]

1.c4 c6 2.d4 d5 3.Nf3 Nf6 4.Nc3 e6 5.e3 Nbd7 6.Qc2 Bd6 7.g4 Bb4 8.Bd2 Qe7
9.Rg1 b6 10.cxd5 exd5 11.g5 Ne4 12.Nxe4 dxe4 13.Bxb4 Qxb4+ 14.Nd2 O-O 15.a3 Qd6
16.Nxe4 Qxh2 17.Rg3 c5 18.Rh3 Qc7 19.Bb5 h6 20.O-O-O a6 21.Bxd7 Qxd7 22.Nf6+ gxf6
23.Rxh6 f5 24.Qc3 f6 25.gxf6 Qd5 26.e4 Qxe4 27.Qg3+ Qg4 28.Rg6+ Kf7 29.Rg7+  1-0

[Event "107th Annual US Open"]
[Site "Chicago USA"]
[Date "2006.08.13"]
[Round "9"]
[White "Almeida Saenz,A"]
[Black "Burgess,J"]
[Result "1-0"]
[WhiteElo "2400"]
[BlackElo "2202"]

1.d4 d5 2.c4 c6 3.Nc3 Nf6 4.Nf3 e6 5.e3 a6 6.Ne5 Nbd7 7.f4 Bb4 8.Bd3 dxc4
9.Bxc4 Ne4 10.O-O Nxc3 11.bxc3 Bxc3 12.Rb1 Nxe5 13.fxe5 b5 14.Bd3 c5 15.Qf3 Ra7
16.Qc6+ Qd7 17.Qxc5 Rc7 18.Qd6 Qxd6 19.exd6 Rd7 20.Ba3 Bb7 21.Bc5 Bd2 22.Kf2 O-O
23.Ke2 Ba5 24.g4 Re8 25.Rb2 g6 26.a4 bxa4 27.Rfb1 Bc6 28.Bxa6 e5 29.Bb7 Bxb7
30.Rxb7 Rxb7 31.Rxb7 exd4 32.Bxd4 Ra8 33.Bc5 Bc3 34.Ba3 Kg7 35.g5 h6 36.h4 hxg5
37.hxg5 Kg8 38.Re7 Ba5 39.d7 Rd8 40.Re8+ Kh7 41.Be7 Rxd7 42.Bf6  1-0

[Event "Epetium Open"]
[Site "Stobrec CRO"]
[Date "2006.08.13"]
[Round "3"]
[White "Simovic,M"]
[Black "Maslov,Z"]
[Result "0-1"]
[WhiteElo "1915"]
[BlackElo "2013"]

1.d4 Nf6 2.c4 c6 3.Nc3 d5 4.e3 e6 5.Nf3 Nbd7 6.Bd3 dxc4 7.Bxc4 b5 8.Bd3 a6
9.a3 Bb7 10.O-O c5 11.Bc2 Bd6 12.h3 O-O 13.Ng5 Qc7 14.dxc5 Nxc5 15.Qe2 Qc6
16.Nf3 Rac8 17.Rd1 Ncd7 18.Ne1 Ne5 19.e4 Nc4 20.b3 Nxa3 21.Rxd6 Qxd6 22.Bxa3 Qd4
23.e5 Qxc3 24.Rc1 Rfd8 25.Bxh7+ Nxh7 26.Rxc3 Rxc3 27.Bd6 Bd5 28.Nd3 Bxb3
29.Nc5 Rxd6 30.exd6 Rxc5 31.Qd3 Rd5 32.Qxd5 Bxd5 33.d7 b4 34.d8=Q+ Nf8 35.Qa5 b3
36.Qxa6 Ng6 37.Qc8+ Kh7 38.g3 Ne5  0-1

[Event "August Open"]
[Site "Cambre ESP"]
[Date "2006.08.14"]
[Round "5"]
[White "Perez Mauricio,X"]
[Black "Grana Lois,J"]
[Result "0-1"]
[WhiteElo "2118"]
[BlackElo "2040"]

1.Nf3 d5 2.c4 e6 3.d4 Nf6 4.Nc3 c6 5.e3 Nbd7 6.Qc2 dxc4 7.Bxc4 b5 8.Bd3 a6
9.e4 c5 10.e5 cxd4 11.Nxb5 axb5 12.exf6 Qb6 13.fxg7 Bxg7 14.b4 Bb7 15.Bb2 Bxf3
16.gxf3 Ke7 17.Rg1 Qd6 18.Rxg7 Qe5+ 19.Be4 Rac8 20.Qd2 Qxg7 21.Bxd4 e5 22.Bb2 Nb6
23.Ke2 Rhd8 24.Qe1 Nd5 25.Qg1 Nf4+ 26.Kf1 Qf6 27.Re1 Rg8 28.Qg3 Rxg3 29.hxg3 Ne6
30.Bxh7 Qxf3 31.Bxe5 Qh1+  0-1

[Event "Open"]
[Site "Predeal ROM"]
[Date "2006.08.14"]
[Round "3"]
[White "Itkis,B"]
[Black "Slovineanu,V"]
[Result "1/2-1/2"]
[WhiteElo "2453"]
[BlackElo "2423"]

1.d4 d5 2.c4 c6 3.Nf3 Nf6 4.e3 e6 5.Nc3 Nbd7 6.Qc2 Bd6 7.Be2 O-O 8.O-O dxc4
9.Bxc4 b5 10.Be2 Bb7 11.Rd1  1/2-1/2

[Event "Open"]
[Site "Predeal ROM"]
[Date "2006.08.14"]
[Round "3"]
[White "Grigore,Ge"]
[Black "Dobre,C"]
[Result "1-0"]
[WhiteElo "2472"]
[BlackElo "2237"]

1.d4 c6 2.c4 d5 3.Nf3 e6 4.e3 Nf6 5.Nc3 Nbd7 6.Qc2 Bd6 7.Bd2 O-O 8.h3 dxc4
9.Bxc4 e5 10.O-O Qe7 11.Bb3 h6 12.Nh4 Re8 13.Nf5 Qf8 14.Rad1 Nb6 15.Nxh6+ gxh6
16.Qg6+ Qg7 17.Bxf7+ Kf8 18.Qxg7+ Kxg7 19.Bxe8 Nxe8 20.dxe5 Bxe5 21.f4 Bf6
22.b3 Nd5 23.Ne4 Bf5 24.Ng3 Bd3 25.Rfe1 Bh4 26.Kh2 Nd6 27.Bc3+ Nxc3 28.Rxd3 Bxg3+
29.Kxg3 Nce4+ 30.Kf3 Re8 31.g4 c5 32.Red1 Re6 33.f5 Rf6 34.Kf4 b5 35.Rd5 c4
36.bxc4 bxc4 37.R5d4 c3 38.Rxe4 Nxe4 39.Kxe4 Ra6 40.Rc1 Ra4+ 41.Ke5 Ra5+
42.Kf4 Ra4+ 43.e4 Ra3 44.h4 Kf7 45.g5 hxg5+ 46.hxg5 Ke7 47.g6 Kf6 48.e5+ Kg7
49.Kg5  1-0

[Event "Acropolis Open"]
[Site "Athens GRE"]
[Date "2006.08.15"]
[Round "3"]
[White "Petritaj,Fo"]
[Black "Al Sayed,Mohamad"]
[Result "1/2-1/2"]
[WhiteElo "2210"]
[BlackElo "2492"]

1.d4 d5 2.c4 c6 3.Nc3 Nf6 4.Nf3 e6 5.e3 Nbd7 6.Bd3 dxc4 7.Bxc4 b5 8.Bd3 Bb7
9.O-O a6 10.e4 c5 11.e5 cxd4 12.Nxb5 Bxf3 13.Qxf3 Nd5 14.Nxd4 Nxe5 15.Qe2 Nxd3
16.Qxd3 Bd6 17.Rd1 O-O 18.Nf3 Be7 19.Be3 Qb8 20.Bd4 Qb7 21.Rac1 Rfd8 22.Qe4 a5
23.Ne5 Bf8 24.Ng4 a4 25.Rc3 Qd7 26.Nh6+ Kh8 27.Rg3 f6 28.Bxf6 Nxf6 29.Rxd7 Rxd7
30.Nf7+ Kg8 31.Nh6+ Kh8 32.Nf7+ Kg8  1/2-1/2

[Event "2nd Lluis Muratet Rapid"]
[Site "Banyoles ESP"]
[Date "2006.08.16"]
[Round "2"]
[White "Korchnoi,V"]
[Black "Fandino,R"]
[Result "1-0"]
[WhiteElo "2600"]
[BlackElo "2133"]

1.d4 d5 2.c4 e6 3.Nf3 Nf6 4.Nc3 c6 5.e3 Nbd7 6.Bd3 Be7 7.O-O O-O 8.e4 dxe4
9.Nxe4 Nxe4 10.Bxe4 Nf6 11.Bc2 Bd7 12.Qd3 g6 13.Ne5 Ne8 14.Bh6 Ng7 15.Rad1 Be8
16.Qc3 f6 17.Nf3 Bf7 18.Rfe1 Re8 19.Bxg7 Kxg7 20.c5 Bf8 21.Bb3 b6 22.Nd2 bxc5
23.dxc5 e5 24.Bxf7 Kxf7 25.Ne4 Qc7 26.Qh3 Re7 27.Qxh7+ Bg7 28.Nd6+  1-0

[Event "93rd ch-GBR"]
[Site "Swansea WLS"]
[Date "2006.08.17"]
[Round "11"]
[White "Dilleigh,S"]
[Black "Chevannes,S"]
[Result "1/2-1/2"]
[WhiteElo "2134"]
[BlackElo "2080"]

1.d4 d5 2.c4 e6 3.Nc3 c6 4.e3 Nf6 5.Nf3 Nbd7 6.Qc2 Bd6 7.Bd3 dxc4 8.Bxc4 b5
9.Be2 Bb7 10.O-O O-O 11.Rd1 Qe7 12.e4 e5 13.dxe5  1/2-1/2

[Event "16th Open"]
[Site "Abu Dhabi UAE"]
[Date "2006.08.18"]
[Round "6"]
[White "Goloshchapov,A"]
[Black "Lodhi,M"]
[Result "1-0"]
[WhiteElo "2558"]
[BlackElo "2360"]

1.d4 d5 2.c4 c6 3.Nc3 Nf6 4.e3 e6 5.Nf3 g6 6.Bd3 Bg7 7.O-O O-O 8.b4 Nbd7
9.Bb2 a5 10.b5 c5 11.Na4 b6 12.dxc5 dxc4 13.Bxc4 Nxc5 14.Qxd8 Rxd8 15.Nxb6 Rb8
16.Rfd1 Re8 17.Nxc8 Rbxc8 18.Rac1 Na4 19.Ba3 Ne4 20.Bf1 Nac3 21.Rd7 Rb8 22.Nd4 Red8
23.Rxd8+ Rxd8 24.Nc6 Rd7 25.Nxa5 Ra7 26.Bb4 Ra8 27.b6  1-0

[Event "Acropolis Open"]
[Site "Athens GRE"]
[Date "2006.08.18"]
[Round "6"]
[White "Peralta,Fe"]
[Black "Svetushkin,D"]
[Result "1-0"]
[WhiteElo "2546"]
[BlackElo "2569"]

1.d4 d5 2.c4 c6 3.Nf3 Nf6 4.Nc3 e6 5.e3 a6 6.b3 Bb4 7.Bd2 Nbd7 8.Bd3 O-O
9.O-O Bd6 10.Qc2 b6 11.Ne2 Bb7 12.Bc3 c5 13.cxd5 exd5 14.Ne5 Ne4 15.Nxd7 Qxd7
16.dxc5 bxc5 17.Bxe4 dxe4 18.Rfd1 Qc7 19.Ng3 Rfd8 20.Qe2 Bf8 21.Qg4 Qc6 22.Nf5 Qg6
23.Qf4 f6 24.Qc7 Qf7 25.Qxd8 Rxd8 26.Rxd8 Qc7 27.Rad1 Bc6 28.h3 a5 29.Bxa5 Qxa5
30.Ne7+ Kf7 31.Nxc6 Qxa2 32.R1d7+ Ke6 33.Rd2 Qa3 34.Kh2 Qc1 35.g3 h5 36.Kg2 Qc3
37.Re8+ Kf7 38.Rdd8 Bd6 39.Rh8 Ke6 40.Rhe8+ Kf7 41.Rxe4 Qd3 42.Re7+ Kg6 43.e4 c4
44.Re6 cxb3 45.Ne5+  1-0

[Event "Acropolis Women's Open"]
[Site "Athens GRE"]
[Date "2006.08.18"]
[Round "6"]
[White "Foisor,M"]
[Black "Pagali,M"]
[Result "1-0"]
[WhiteElo "2005"]
[BlackElo "1924"]

1.d4 d5 2.c4 e6 3.Nf3 Nf6 4.Nc3 c6 5.e3 Nbd7 6.Qc2 Bd6 7.b3 O-O 8.Be2 dxc4
9.bxc4 e5 10.c5 Bc7 11.O-O Re8 12.Bd3 h6 13.Rd1 exd4 14.exd4 b6 15.Bb2 Bb7
16.Qb3 Nf8 17.Bc4 Ne6 18.Rac1 Qc8 19.cxb6 axb6 20.d5 Nc5 21.Qc2 cxd5 22.Nxd5 Nxd5
23.Bxd5 Bxd5 24.Rxd5 Rxa2 25.Qc3 Qg4 26.Rg5 Be5 27.Rxg4 Bxc3 28.Bxc3 f6 29.h3 Nd3
30.Rf1 Ree2 31.Bd4 b5 32.Nh4 Kh7 33.Nf5 g6 34.Ng3 Re6 35.Re4 Rd6 36.Re2 Ra8
37.Re7+ Kg8 38.Be3 h5 39.Ne4 Rc6 40.Rd1 Ne5 41.Nxf6+ Rxf6 42.Rxe5 b4 43.Rb5  1-0

[Event "Petrovskaja Ladja A2"]
[Site "Peterhof RUS"]
[Date "2006.08.18"]
[Round "7"]
[White "Lupik,M"]
[Black "Gerasimov,Y"]
[Result "1/2-1/2"]
[WhiteElo "2249"]
[BlackElo "2294"]

1.d4 Nf6 2.Nf3 e6 3.c4 d5 4.Nc3 c6 5.e3 Nbd7 6.Bd3 Bd6 7.e4 dxe4 8.Nxe4 Nxe4
9.Bxe4 Nf6 10.Bc2 c5 11.O-O b6 12.Ba4+ Bd7 13.dxc5 Bxc5 14.Ne5 Bxa4 15.Qxa4+ Kf8
16.Rd1 Qe8 17.Qc2 Rd8 18.Bg5 h6 19.Rxd8 Qxd8 20.Rd1 Qc8 21.Bxf6 gxf6 22.Nd7+ Ke7
23.Qc3 Rd8 24.Qxf6+ Ke8 25.Qh8+ Ke7 26.Qf6+ Ke8  1/2-1/2

[Event "Petrovskaja Ladja S"]
[Site "Peterhof RUS"]
[Date "2006.08.18"]
[Round "8"]
[White "Maslak,K"]
[Black "Kim,Alex"]
[Result "1-0"]
[WhiteElo "2537"]
[BlackElo "2454"]

1.d4 d5 2.c4 c6 3.Nc3 Nf6 4.e3 e6 5.Nf3 Nbd7 6.Qc2 Bd6 7.g4 dxc4 8.Bxc4 e5
9.g5 Nd5 10.Bd2 O-O 11.Ne4 Bc7 12.O-O-O exd4 13.Nxd4 Ne5 14.Be2 Bb6 15.h4 Re8
16.Ng3 Bg4 17.Ndf5 Bxe2 18.Nxe2 Qc7 19.Neg3 Ng4 20.Be1 g6 21.Nh6+ Nxh6 22.gxh6 Rad8
23.Kb1 Qe5 24.h5 Qe6 25.hxg6 fxg6 26.e4 Nf4 27.Bc3 Bc7 28.Rhe1 Ng2 29.Re2 Rxd1+
30.Qxd1 Rd8 31.Qc1 Nf4 32.Rd2 Nd3 33.Qc2 Bxg3 34.Rxd3 Rxd3 35.Qxd3 Bf4 36.Qd4 Kf8
37.Qg7+ Ke8 38.Qh8+ Kd7 39.Qxh7+  1-0

[Event "Open"]
[Site "Predeal ROM"]
[Date "2006.08.18"]
[Round "9"]
[White "Biedekoepper,R"]
[Black "Manea,A"]
[Result "0-1"]
[WhiteElo "2149"]
[BlackElo "2321"]

1.c4 e6 2.d4 d5 3.Nc3 c6 4.e3 Nf6 5.Nf3 Nbd7 6.Qc2 a6 7.Bd3 dxc4 8.Bxc4 b5
9.Be2 c5 10.O-O Bb7 11.dxc5 Bxc5 12.a3 O-O 13.b4 Bd6 14.Bb2 Qc7 15.h3 Nb6
16.Rac1 Rac8 17.Rfd1 Qe7 18.Qb3 Ne4 19.Nxe4 Bxe4 20.Be5 Bxe5 21.Nxe5 Bd5
22.Qb2 f6 23.Nd3 Na4 24.Qd4 Rcd8 25.Qa1 Bb3 26.Re1 Bc4 27.Nb2 Nxb2 28.Qxb2 Rc8
29.Bxc4 Rxc4 30.Rxc4 bxc4 31.Qd4 Qc7 32.Rc1 Rc8 33.Rc3 Qc6 34.Qa7 Kf8 35.Qd4 Kf7
36.Kf1 Rc7 37.Ke2 Qb5 38.h4 h5 39.Qf4 Qc6 40.f3 Ke7 41.Qg3 Kf7 42.Qf4 Rc8
43.Qd4 Rc7 44.Qf4 Ke8 45.g4 hxg4 46.Qxg4 Qd5 47.Qg6+ Kf8 48.Qc2 Kf7 49.h5 Qxh5
50.Rxc4 Qb5 51.Kd3 Qd5+ 52.Rd4 Qf5+  0-1

[Event "Open"]
[Site "Stare Mesto CZE"]
[Date "2006.08.18"]
[Round "9"]
[White "Brokken,D"]
[Black "Schulz,Jo"]
[Result "1/2-1/2"]
[WhiteElo "2173"]
[BlackElo "2259"]

1.d4 Nf6 2.c4 e6 3.Nc3 d5 4.Nf3 c6 5.e3 Nbd7 6.Bd3 Be7 7.O-O O-O 8.e4 dxe4
9.Nxe4 Qc7 10.Bg5 Re8 11.Qe2 h6 12.Bh4 Nxe4 13.Qxe4 Nf6 14.Qe2 c5 15.Bg3 Bd6
16.Bxd6 Qxd6 17.Qe5 Rd8 18.Qxd6 Rxd6 19.Rfd1 cxd4 20.Be2 Bd7 21.c5 Rd5 22.b4 Ba4
23.Rxd4 Rxd4 24.Nxd4 Rd8 25.Nb5 Rd2 26.Nc3 Nd5 27.Nxa4 Rxe2 28.a3 Rc2 29.g3 Kf8
30.Rd1 Ke7 31.Rd3 a5 32.bxa5 Rc4 33.Nb6 Rxc5 34.Nxd5+ exd5 35.Rb3 Rxa5 36.Rxb7+ Ke6
37.Rb6+ Ke5 38.Rb7 Ke6 39.Rb6+ Ke5 40.Rb7 d4 41.Rxf7 d3 42.Kf1 Rxa3 43.Ke1 Kd4
44.Rxg7 Ra1+ 45.Kd2 Ra2+ 46.Ke1 Ra1+ 47.Kd2  1/2-1/2

[Event "Epetium Open"]
[Site "Stobrec CRO"]
[Date "2006.08.18"]
[Round "6"]
[White "Maslov,Z"]
[Black "Rakic,Ivi"]
[Result "1-0"]
[WhiteElo "2013"]
[BlackElo "1926"]

1.d4 d5 2.c4 e6 3.Nc3 Nf6 4.Nf3 c6 5.e3 Be7 6.Qc2 Nbd7 7.b3 O-O 8.Bd3 h6
9.O-O b6 10.e4 dxe4 11.Nxe4 Nxe4 12.Bxe4 Bb7 13.Bb2 Nf6 14.Bd3 c5 15.Be2 Qc7
16.dxc5 bxc5 17.Be5 Qc6 18.Ne1 Rad8 19.Bf3 Qb6 20.Bxb7 Qxb7 21.Nf3 Rd7 22.Rad1 Rfd8
23.h3 Qe4 24.Qxe4 Nxe4 25.Rxd7 Rxd7 26.Rb1 f6 27.Bb2 Kf7 28.Kf1 g5 29.Ke2 Ke8
30.Rc1 h5 31.Rc2 g4 32.hxg4 hxg4 33.Nd2 Ng5 34.f3 gxf3+ 35.Nxf3 Kf7 36.Nxg5+ fxg5
37.Rd2 Rxd2+ 38.Kxd2 Kg6 39.g4 Bd6 40.Kd3 Kf7 41.Ke4 Kg6 42.Bc3 Kh6 43.Be5 Be7
44.Bb8 a6 45.Ke5 Kg6 46.Kxe6 Bf6 47.Be5 Bd8 48.Bd6 Bb6 49.Be7 Ba7 50.Kd5 Kf7
51.Bxc5 Bb8 52.Bd6 Ba7  1-0

[Event "Canadian Closed zt"]
[Site "Toronto CAN"]
[Date "2006.08.18"]
[Round "1"]
[White "Masse,H"]
[Black "Khassanov,M"]
[Result "1/2-1/2"]
[WhiteElo "2178"]
[BlackElo "2314"]

1.d4 d5 2.c4 c6 3.Nf3 e6 4.Nc3 Nf6 5.e3 Nbd7 6.Bd3 Bd6 7.O-O O-O 8.e4 dxe4
9.Nxe4 Nxe4 10.Bxe4 f5 11.Bc2 h6 12.Re1 Nf6 13.Bd2 Bd7 14.Bc3 Rc8 15.Qe2 Bb8
16.Rad1 Qc7 17.Qe5 Qd8 18.Qe2 Qc7 19.Qe5 Qd8  1/2-1/2

[Event "Acropolis Open"]
[Site "Athens GRE"]
[Date "2006.08.19"]
[Round "7"]
[White "Sriram,J"]
[Black "Mastrovasilis,D"]
[Result "0-1"]
[WhiteElo "2408"]
[BlackElo "2567"]

1.d4 d5 2.c4 c6 3.Nf3 Nf6 4.Nc3 e6 5.e3 Nbd7 6.Bd3 dxc4 7.Bxc4 b5 8.Bd3 a6
9.e4 c5 10.e5 cxd4 11.Nxb5 Ng4 12.Qa4 Bb7 13.Nbxd4 Qb6 14.O-O Bc5 15.h3 Bxf3
16.hxg4 Bb7 17.Nf3 h5 18.g5 O-O 19.Qf4 Bxf3 20.gxf3 Bd4 21.Qe4 g6 22.f4 Nc5
23.Qe2 Nxd3 24.Qxd3 Rfd8 25.Qe2 Rd5 26.Rb1 Rc8 27.Be3 Bxe3 28.Qxe3 Qb5 29.Rbc1 Rcd8
30.Rc2 Rd3 31.Qc5 Qa4 32.Rc4 Qxa2 33.Rb4 a5 34.Rb7 Qa4 35.b4 axb4 36.Qe7 R3d7
37.Qxb4 Qc6 38.Rxd7 Rxd7 39.f3 Qc2 40.Qe4 Qc5+ 41.Kg2 Rd2+ 42.Kg3 Kg7 43.Kh3 Rb2
44.Kg3 Qa7 45.Qd3 Qa2 46.Rg1 Rd2 47.Qe3 Qc2 48.Qe4 Qb2 49.Qe3 Rh2 50.Qc5 Qd2
51.Qb6 Qc2  0-1